00351nam a2200145Ia 4500008004100000020001500041041001200056082001100068100001600079245004000095260003400135300000800169650001400177700001400191221030s9999 xx 000 0 und d a8175152575 aEnglish a105.23 aE. Horowitz 0aFundamentals of Computer Algorithms bGalgotia PubaNew Delhic2008 a769 aComputers aS. Sahini